000 00687nam a2200193 i 4500
001 162969
003 ES-MaACL
005 20250929063237.0
008 951113s1848 sp |||| | spa d
040 _aCARM
_bspa
_cCCPB | SIC
100 1 _aRaspail, François-Vincent,
_d1794-1878
_9131616
245 1 0 _aManual de la salud o Medicina y farmacia domésticas /
_cpor F.V. Raspail.
246 3 0 _aMedicina y farmacia domésticas
260 _aBarcelona :
_bImp. y Lib. de la Sra. Viuda e H. de Mayol, ed.,
_c1848.
300 _a276 p. ;
_c18 cm.
650 7 _aMedicina popular
_2embne
_9153511
852 _aES-MaACL
_jD-453
_z- Enc. pasta española
999 _c162969
_d162969